The Magnetospheres of the earth and jupiter (Record no. 4874)
[ view plain ]
| 000 -LEADER | |
|---|---|
| fixed length control field | 00828nam a2200217Ia 4500 |
| 003 - CONTROL NUMBER IDENTIFIER | |
| control field | IN-BaIIA |
| 008 - FIXED-LENGTH DATA ELEMENTS--GENERAL INFORMATION | |
| fixed length control field | 211028s9999 xx 000 0 eng d |
| 040 ## - CATALOGING SOURCE | |
| Transcribing agency | IIA Library |
| 080 ## - UNIVERSAL DECIMAL CLASSIFICATION NUMBER | |
| Universal Decimal Classification number | 52(082.2) |
| Item number | ASS-52 |
| 111 ## - MAIN ENTRY--MEETING NAME | |
| Meeting name or jurisdiction name as entry element | Neil Brice Memorial Symposium |
| Location of meeting | Tracati (?) |
| Date of meeting or treaty signing | 1974 May 28-June 1 |
| 9 (RLIN) | 8707 |
| 245 #4 - TITLE STATEMENT | |
| Title | The Magnetospheres of the earth and jupiter |
| Remainder of title | proceedings of the Neil Brice Memorial symposium held in Tracati, May 28 - June 1 1974 |
| Statement of responsibility, etc. | edited by V. Formisano |
| 260 ## - PUBLICATION, DISTRIBUTION, ETC. | |
| Place of publication, distribution, etc. | Dordrecht |
| Name of publisher, distributor, etc. | D. Reidel Publishing |
| Date of publication, distribution, etc. | 1975 |
| 300 ## - PHYSICAL DESCRIPTION | |
| Extent | XI, 485p. |
| 490 ## - SERIES STATEMENT | |
| Series statement | Astrophysics and space science library; v. 52 |
| 650 ## - SUBJECT ADDED ENTRY--TOPICAL TERM | |
| Topical term or geographic name entry element | Ionosphere |
| 9 (RLIN) | 8473 |
| 650 ## - SUBJECT ADDED ENTRY--TOPICAL TERM | |
| Topical term or geographic name entry element | Magnetospheres |
| 9 (RLIN) | 8708 |
| 650 ## - SUBJECT ADDED ENTRY--TOPICAL TERM | |
| Topical term or geographic name entry element | Upper Atmosphere |
| 9 (RLIN) | 8709 |
| 650 ## - SUBJECT ADDED ENTRY--TOPICAL TERM | |
| Topical term or geographic name entry element | Astronomy and Astrophysics Thesaurus |
| 9 (RLIN) | 1143 |
| 700 ## - ADDED ENTRY--PERSONAL NAME | |
| Personal name | Formisano, V., ed. |
| 9 (RLIN) | 8710 |
| 942 ## - ADDED ENTRY ELEMENTS (KOHA) | |
| Koha item type | Books |
| Withdrawn status | Lost status | Damaged status | Not for loan | Home library | Current library | Shelving location | Date acquired | Total Checkouts | Full call number | Barcode | Date last seen | Price effective from | Koha item type | Purchase Price |
|---|---|---|---|---|---|---|---|---|---|---|---|---|---|---|
| IIA Library-Bangalore | IIA Library-Kodaikanal | General Stacks | 30/06/1976 | 52(082.2)/ ASS-52 | 5454 | 05/11/2021 | 30/06/1976 | Books | DFL 165.00 |